000 00282nam a22001337a 4500
008 171027b xxu||||| |||| 00| 0 eng d
020 _a9780321013774
041 _aeng
080 _a336
100 _a56
101 _afin
245 _aGLOBAL FINANCE
_cENG, M.V
942 _2udc
_cBK
999 _c36246
_d36246